[Event "PMPJ 17"]
[Site "?"]
[Date "2015.11.14"]
[Round "9.2"]
[White "Kaminski, Piotr"]
[Black "Adamczewski, Maciej"]
[Result "0-1"]
[WhiteElo "1699"]
[BlackElo "1985"]
[PlyCount "74"]
[EventDate "2015.??.??"]

1. e4 e6 2. d4 d5 3. Nc3 Nf6 4. Bg5 Be7 5. e5 Nfd7 6. Bxe7 Qxe7 7. f4 a6 8. Nf3
c5 9. dxc5 Nxc5 10. Qd2 Nc6 11. O-O-O b5 12. Bd3 Bb7 13. Kb1 b4 14. Ne2 Rc8 15.
Nfd4 Na4 16. Rhe1 Na5 17. a3 Nc4 18. Bxc4 Rxc4 19. axb4 Rxb4 20. b3 a5 21. f5
Nc5 22. Kb2 Kd7 23. Nc3 Rb8 24. fxe6+ fxe6 25. Re3 a4 26. Ne4 Nxe4 27. Rxe4
axb3 28. cxb3 Ra8 29. Ree1 Qc5 30. Qd3 Qa7 31. Nc2 Qa2+ 32. Kc3 Rxb3+ 33. Kd2
Rxd3+ 34. Kxd3 Qc4+ 35. Kd2 Ra2 36. Rc1 Ba6 37. Re3 Qd4+ 0-1

[Event "PMPJ 17"]
[Site "?"]
[Date "2015.11.14"]
[Round "9.3"]
[White "Osinski, Emil"]
[Black "Smal, Tobiasz"]
[Result "1/2-1/2"]
[WhiteElo "1967"]
[BlackElo "1945"]
[PlyCount "49"]
[EventDate "2015.??.??"]

1. e4 e5 2. Nf3 Nc6 3. Bc4 Nf6 4. d3 Be7 5. O-O O-O 6. Nc3 d6 7. h3 Be6 8. Bxe6
fxe6 9. d4 exd4 10. Nxd4 Nxd4 11. Qxd4 d5 12. exd5 exd5 13. Bg5 c6 14. Rad1 Nd7
15. Bxe7 Qxe7 16. Rfe1 Qf6 17. Qxf6 Nxf6 18. Re7 Rf7 19. Rxf7 Kxf7 20. Re1 Re8
21. Rd1 Rd8 22. Re1 Re8 23. Rd1 Rd8 24. Re1 Re8 25. Rd1 1/2-1/2

[Event "PMPJ 17"]
[Site "?"]
[Date "2015.11.14"]
[Round "9.5"]
[White "Zarnowski, Krzysztof"]
[Black "Fukowski, Pawel"]
[Result "1/2-1/2"]
[WhiteElo "2025"]
[BlackElo "1933"]
[PlyCount "81"]
[EventDate "2015.??.??"]

1. d4 f5 2. g3 Nf6 3. Bg2 d5 4. Nf3 e6 5. O-O Bd6 6. c4 c6 7. Bf4 O-O 8. Nbd2
Bxf4 9. gxf4 Nbd7 10. e3 b6 11. Rc1 Bb7 12. b4 Qe7 13. Qb3 Rfc8 14. a4 Ne4 15.
Nxe4 fxe4 16. Nd2 a5 17. cxd5 cxd5 18. b5 Nf6 19. Bh3 g6 20. Qb2 Kf7 21. Rxc8
Rxc8 22. Rb1 Qc7 23. Nb3 Qc2 24. Qxc2 Rxc2 25. Rc1 Rxc1+ 26. Nxc1 Ne8 27. Bf1
Ke7 28. Ne2 Ng7 29. Ng3 Nf5 30. Nxf5+ exf5 31. Kg2 Bc8 32. Kg3 Be6 33. h4 h6
34. Be2 Kf6 35. Bd1 Bf7 36. Bb3 g5 37. Bd1 g4 38. Be2 h5 39. Bf1 Ke6 40. Be2
Kd6 41. Kg2 1/2-1/2